Akta Penggangkutan Jalan 1987 (Akta 333) (Record no. 4934)
[ view plain ]
| 000 -LEADER | |
|---|---|
| fixed length control field | 00373nam a22001217a 4500 |
| 005 - DATE AND TIME OF LATEST TRANSACTION | |
| control field | 20220413131805.0 |
| 008 - FIXED-LENGTH DATA ELEMENTS--GENERAL INFORMATION | |
| fixed length control field | 220413b2022 my ||||| |||| 00| 0 may d |
| 040 ## - CATALOGING SOURCE | |
| Original cataloging agency | AKMAL |
| 245 ## - TITLE STATEMENT | |
| Title | Akta Penggangkutan Jalan 1987 (Akta 333) |
| Statement of responsibility, etc. | Mengandungi segala pindaan hingga Oktober 2020 |
| 260 ## - PUBLICATION, DISTRIBUTION, ETC. | |
| Place of publication, distribution, etc. | Kuala Lumpur |
| Name of publisher, distributor, etc. | MDC Publishers Sdn Bhd |
| Date of publication, distribution, etc. | 2021 |
| 300 ## - PHYSICAL DESCRIPTION | |
| Extent | 187 |
| Dimensions | 26cm |
| 942 ## - ADDED ENTRY ELEMENTS (KOHA) | |
| Source of classification or shelving scheme | |
| Koha item type | Book |
| Withdrawn status | Lost status | Source of classification or shelving scheme | Damaged status | Not for loan | Collection code | Home library | Current library | Shelving location | Date acquired | Inventory number | Total Checkouts | Barcode | Date last seen | Price effective from | Koha item type |
|---|---|---|---|---|---|---|---|---|---|---|---|---|---|---|---|
| NON-FICTION | AKMAL Melaka | AKMAL Melaka | PINJAMAN | 13.04.2022 | 011448 | 201708114 | 13.04.2022 | 13.04.2022 | Book |
